000 00637nam a2200193 i 4500
001 84560
003 ES-MaACL
005 20250603152407.0
007 t|
008 041123s1965 sp ||||1| spa d
100 1 _aJedin, Hubert.
_966260
245 1 3 _aEl Concilio de Trento en su última etapa
_b: crisis y conclusión /
_cHubert Jedin ; [versión castellana de Jaime Arbona Maylín].
260 _aBarcelona :
_bHerder,
_c1965.
300 _a175 p. ;
_c19 cm.
611 2 7 _aConcilio de Trento
_d(1545-1563)
_2
_9135069
700 1 _aArbona Maylín, Jaime.
_922415
852 _aES-MaACL
_jC-28897
_bR.58419
999 _c84560
_d84560